000 01053nam a2200241 4500
001 174447
003 ES-MaACL
005 20230906215530.0
008 100422s1995 cl |||| | spa d
100 1 _aSánchez Durán, Fernando.
_9102620
245 1 3 _aLa propuesta criollista
_b: la narrativa de Luis Durand /
_cconferencia de Fernando Sánchez Durán. Lectura de Texto por Luis Durand (hijo). "Camino del alba" : novela de Isabel Velasco / presenta Luis Villarroel.
246 3 7 _aElogio del terruño
_b: lectura de Texto por Luis Durand (hijo)
246 3 0 _aCamino del alba
_b: novela de Isabel Velasco
260 _aSantiago (Chile) :
_bAteneo,
_c1995.
300 _a46 p. ;
_c18 cm.
594 _aPrecede al tít.: Ateneo de Santiago, 4ª Jornada General, 1995.
600 1 4 _aDurand, Luis.
_9142567
610 2 4 _aAteneo de Santiago de Chile-
_vCongresos y asambleas.
_9142612
700 1 _aVelasco, Isabel.
_9142568
700 1 _aVillarroel, Luis.
_9142547
710 2 _aAteneo de Santiago de Chile.
_92026
852 4 _a BA
_j2256-F-30
999 _c174447
_d174447